Most Densely Populated U.S. Counties - Statistics

General Stats
  • This quiz has been taken 22 times
  • The average score is 27 of 50
Answer Stats
Hint Answer % Correct
IL Cook
90%
TX Harris
90%
CA Los Angeles
90%
NY New York
90%
NY Queens
90%
NY Bronx
86%
CA Orange
86%
CA San Francisco
86%
VA Fairfax
81%
VA Fairfax (city)
81%
NY Kings
81%
PA Philadelphia
81%
TX Dallas
76%
MA Suffolk
76%
MD Baltimore
71%
NY Nassau
71%
NY Richmond
71%
VA Richmond
71%
VA Alexandria
67%
NJ Essex
67%
VA Norfolk
67%
MI Wayne
67%
CO Denver
62%
D.C. Washington
62%
NJ Bergen
57%
VA Arlington
52%
NJ Hudson
52%
NJ Middlesex
52%
WI Milwaukee
52%
NJ Union
48%
VA Hampton
43%
MO St. Louis
43%
OH Cuyahoga
38%
GA DeKalb
38%
VA Falls Church
38%
VA Newport News
33%
VA Charlottesville
29%
VA Manassas
29%
FL Pinellas
29%
VA Portsmouth
29%
MN Ramsey
29%
NJ Camden
24%
IL DuPage
24%
NJ Passaic
24%
PA Delaware
19%
VA Manassas Park
19%
VA Fredericksburg
14%
VA Harrisonburg
10%
VA Winchester
10%
VA Lexington
5%
No matching quizzes found
Score Distribution
Percent of People with Each Score
Percentile by Number Answered
Your Score History
You have not taken this quiz